000 01129nam0a22002531 4500
001 rc\4504764
005 20130416174111.8
021 _aRU
_b[60-51343]
035 _a(NLR Aleph) 008615289
090 _a8788942
_c8788942
100 _a20130416d1960 |||y0rusy50 ca
101 0 _arus
102 _aRU
105 _aa z |||||
200 1 _aСовременные методы заточки и доводки режущего инструмента
_fЦентр. правл. Науч.-техн. о-ва машиностроит. пром-сти. Обществ. ун-т. Заоч. курсы усовершенствования ИТР по конструированию и производству режущего инструмента
210 _aМосква
_cБ. и.
_d1960
215 _a36 с., 5 отд. л. черт.
_cчерт.
_d22
606 _aРежущие инструменты
_xЗаточка и доводка
_2psbo
700 1 _aКоршунов
_bБ. С.
_gБорис Сергеевич
801 0 _aRU
_bNLR
_gpsbo
801 1 _aRU
_bELAR
_2rusmarc
852 _aNLR
_j60-6/6267
942 _cBOOK
980 _aNB